Molekuly bez chemických vazeb. Úvod do chemické topologie : Z rus.orig /
Salvato in:
| Autore principale: | |
|---|---|
| Natura: | Libro |
| Pubblicazione: |
Praha :
SNTL,
1988
|
| Tags: |
Nessun Tag, puoi essere il primo ad aggiungerne!!
|
MARC
| LEADER | 00000nam a22000003a 4500 | ||
|---|---|---|---|
| 001 | stu14223 | ||
| 005 | 20150617225759.5 | ||
| 008 | ------s1988----cs----------------------d | ||
| 040 | |a STU |b slo | ||
| 041 | 0 | ||
| 044 | |a cs | ||
| 080 | |a 541.25+547.1 |7 stu_us_auth*stu5760 | ||
| 100 | 1 | |a Dmitrijev, Igor Sergejevič |4 aut | |
| 245 | 1 | |a Molekuly bez chemických vazeb. Úvod do chemické topologie : |b Z rus.orig / |c [aut.]Dmitrijev,Igor Sergejevič | |
| 260 | |a Praha : |b SNTL, |c 1988 | ||
| 300 | |a 161 s : |b Tab.,lit.,index | ||
| 996 | |b C83017 |c C*83017 |l CCXXIVB |s P |a 0 |w stu14223_0001 | ||
| 996 | |b C83018 |c C*83018 |l CCXXIVB |s P |a 0 |w stu14223_0002 | ||